|
|
|
|
| LEADER |
01433nam a2200325 a 4500 |
| 001 |
12952693 |
| 008 |
091019s2002 ii 001 0 eng d |
| 010 |
|
|
|a 2002302154
|
| 020 |
|
|
|a 8171110754
|
| 040 |
|
|
|a DLC
|c DLC
|d DLC
|
| 082 |
0 |
0 |
|a 340.5/9/0954
|2 21
|
| 100 |
1 |
|
|a Verma, B. R.
|q (Babu Ram),
|d 1900-
|
| 245 |
1 |
0 |
|a B.R. Verma's commentaries on Mohammedan law in India, Pakistan & Bangladesh /
|c B.R. Verma, revised under the guidance of S.I. Jafri, A.B. Srivastava ; assisted by a panel of lawyers and editors ; with a foreword by H.N. Seth.
|
| 246 |
1 |
4 |
|a Muḥammaḍan lauz
|
| 246 |
3 |
0 |
|a Commentaries on Mohammedan law in India, Pakistan & Bangladesh
|
| 246 |
3 |
0 |
|a Mohammedan law in India, Pakistan & Bangladesh
|
| 250 |
|
|
|a 8th ed.
|
| 260 |
|
|
|a Allahabad :
|b Law Publishers (India),
|c 2002.
|
| 300 |
|
|
|a lxxii, 1263 p. ;
|c 25 cm.
|
| 504 |
|
|
|a Includes Bibliographical references and index.
|
| 541 |
1 |
|
|e 00010200
|
| 650 |
|
0 |
|a Islamic law
|z India.
|
| 650 |
|
0 |
|a Islamic law
|z Pakistan.
|
| 650 |
|
0 |
|a Islamic law
|z Bangladesh.
|
| 500 |
|
|
|a Includes index.
|
| 700 |
1 |
|
|a Jafri, S. I.
|
| 700 |
1 |
|
|a Srivastava, A. B.,
|c retd. judge.
|
| 852 |
4 |
|
|a Ayesha Abed Library
|j General Shelf
|
| 999 |
|
|
|c 4854
|d 4854
|
| 952 |
|
|
|0 0
|1 0
|2 ddc
|4 0
|6 340_590954000000000_VER_2002
|7 0
|9 4732
|a BRACUL
|b BRACUL
|c GEN
|d 2009-10-28
|g 0.00
|l 6
|m 11
|o 340.590954 VER
|p 3010010200
|r 2018-07-28
|s 2018-07-27
|t 1
|w 2009-10-28
|y BK
|x No price found in the accession register.
|